The Impossible Quiz #2 - Statistics

General Stats
  • This quiz has been taken 128 times
  • The average score is 3 of 7
Answer Stats
Hint Answer % Correct
Type the letter "g" 30 times GGGGGGGGGGGGGGGGGGGGGGGGGGGGGG
99%
Type the alphabet ABCDEFGHIJKLMNOPQRSTUVWXYZ
88%
Type 123 10 times 123123123123123123123123123123
65%
Type the alphabet backwards ZYXWVUTSRQPONMLKJIHGFEDCBA
40%
What is the capital of Cameroon? Yaounde
21%
How old is earth? (in years) 4.543 billion
4%
Who was the president of France from 1969-1974? Georges Pompidou
4%
No matching quizzes found
Score Distribution
Percent of People with Each Score
Percentile by Number Answered
Your Score History
You have not taken this quiz